000
00237 a2200097 4500
001
33764
100
_a
Jah, Syed Asif
245
_a
Pakistan Ghouri say Shaheen Tak [Urdu]
260
_a
Lahore
_b
Sohni Dharti
_c
2000
090
_c
22421
_d
22421
942
_a
NUST-CAE
_c
M
_c
13805
999
_c
268837
_d
268837